| 000 | 01127 a2200205 4500 | ||
|---|---|---|---|
| 005 | 2008092209229.0 | ||
| 008 | 080922t xxu||||| |||| 00| 0 hin d | ||
| 010 | _aHIN-81214 | ||
| 020 |
_a8186425446 _c200.00 |
||
| 035 | _aHN-53560 | ||
| 037 | _bD.B.Act / Pub | ||
| 082 | _a823.08 | ||
| 100 | _aमहामाया प्रसाद विनोद | ||
| 245 |
_aभोजपुरी कहानी साहित्य की युगीन चेतना _cमहामाया प्रसाद विनोद |
||
| 260 |
_aनई दिल्ली _bकॉनफ्लुएंस इंटरनेशनल _c2007 |
||
| 270 |
_a203 / ई -588 , ग्रेटर कैलाश-11 _bनई दिल्ली _e110048 _k911129216832 _mconfluence@connectgroup.in |
||
| 300 |
_a152पृ. _c23सेमी(सजिल्द) |
||
| 942 |
_adpl _cHN _k823.08 / महामा _2ddc _h823.08 _mमहामा |
||
| 999 |
_c8065 _d8065 |
||